| 000 | 00415nam a2200157Ia 4500 | ||
|---|---|---|---|
| 003 | GCL | ||
| 008 | 140319s9999 xx 000 0 eng d | ||
| 040 |
_aGCL / _cGCL |
||
| 082 | 0 | 4 |
_a550 _bR A |
| 100 | 1 | _aRIDDLE, CHRIS | |
| 245 | 1 | 0 |
_aANALYSIS OF GEOLOGICAL MATERIALS / _cRIDDLE, CHRIS |
| 260 |
_a[S.N] : _bMARCEL DEKKER, INC ، _c1993 |
||
| 300 | _a463 P | ||
| 650 | 0 | 4 | _aANALYTICAL GEOCHEMISTRY |
| 942 |
_2ddc _cBK |
||
| 999 |
_c20322 _d20322 |
||